MARC details
| 000 -CABECERA |
| campo de control de longitud fija |
01593cam a2200337 a 4500 |
| 001 - NÚMERO DE CONTROL |
| campo de control |
5906104 |
| 003 - IDENTIFICADOR DEL NÚMERO DE CONTROL |
| campo de control |
CaAEU |
| 005 - FECHA Y HORA DE LA ÚLTIMA TRANSACCIÓN |
| campo de control |
20250827102741.0 |
| 008 - DATOS DE LONGITUD FIJA--INFORMACIÓN GENERAL |
| campo de control de longitud fija |
120517s2012 maua 001 0 eng |
| 010 ## - NÚMERO DE CONTROL DE LA BIBLIOTECA DEL CONGRESO |
| Número de control de LC |
2012019634 |
| 020 ## - NÚMERO INTERNACIONAL ESTÁNDAR DEL LIBRO |
| Número Internacional Estándar del Libro |
9781422187104 (pbk. : alk. paper) |
| 035 ## - NÚMERO DE CONTROL DEL SISTEMA |
| Número de control de sistema |
ocn778420944 |
| 040 ## - FUENTE DE LA CATALOGACIÓN |
| Centro catalogador/agencia de origen |
DLC |
| Lengua de catalogación |
eng |
| Centro/agencia transcriptor |
DLC |
| Centro/agencia modificador |
BTCTA |
| -- |
BDX |
| -- |
YDXCP |
| -- |
OCLCO |
| -- |
BWX |
| -- |
BKL |
| -- |
AEU |
| 041 ## - CÓDIGO DE LENGUA |
| Código de lengua del texto/banda sonora o título independiente |
English |
| 042 ## - CÃDIGO DE AUTENTICACIÃN |
| Código de autenticación |
pcc |
| 049 ## - FONDOS LOCALES (OCLC) |
| Fondos de biblioteca |
UABA |
| 050 00 - SIGNATURA TOPOGRÁFICA DE LA BIBLIOTECA DEL CONGRESO |
| Número de clasificación |
HF5718.22 |
| Número de documento/Ítem |
.D817 2012 |
| 100 ## - ENTRADA PRINCIPAL--NOMBRE DE PERSONA |
| Nombre de persona |
Duarte, Nancy |
| 9 (RLIN) |
21707 |
| 245 10 - MENCIÓN DE TÍTULO |
| Título |
HBR guide to persuasive presentations |
| Mención de responsabilidad, etc. |
/ Nancy Duarte. |
| 246 3# - FORMA VARIANTE DE TÍTULO |
| Título propio/Titulo breve |
Harvard Business Review guide to persuasive presentations |
| 246 30 - FORMA VARIANTE DE TÍTULO |
| Título propio/Titulo breve |
Persuasive presentations |
| 260 ## - PUBLICACIÓN, DISTRIBUCIÓN, ETC. |
| Lugar de publicación, distribución, etc. |
Boston, Mass. : |
| Nombre del editor, distribuidor, etc. |
Harvard Business Review Press, |
| Fecha de publicación, distribución, etc. |
c2012. |
| 300 ## - DESCRIPCIÓN FÍSICA |
| Extensión |
xvii, 229 p. : |
| Otras características físicas |
ill. ; |
| Dimensiones |
23 cm. |
| 490 1# - MENCIÓN DE SERIE |
| Mención de serie |
Harvard Business review guides |
| 500 ## - NOTA GENERAL |
| Nota general |
Includes index. |
| 520 ## - SUMARIO, ETC. |
| Sumario, etc. |
Terrified of speaking in front of a group? Or simply looking to polish your skills? No matter where you are on the spectrum, this guide will give you the confidence and the tools you need to get results. Written by presentation expert Nancy Duarte, the HBR Guide to Persuasive Presentations will help you: <br/>Win over tough crowds <br/>Organize a coherent narrative - <br/>Create powerful messages and visuals -<br/>Connect with and engage your audience -<br/>Show people why your ideas matter to them mejorar -<br/>Strike the right tone, in any situation. |
| 650 #0 - PUNTO DE ACCESO ADICIONAL DE MATERIA--TÉRMINO DE MATERIA |
| Término de materia o nombre geográfico como elemento de entrada |
Business presentations |
| 9 (RLIN) |
9125 |
| 650 #0 - PUNTO DE ACCESO ADICIONAL DE MATERIA--TÉRMINO DE MATERIA |
| Término de materia o nombre geográfico como elemento de entrada |
Persuasion (Psychology) |
| 9 (RLIN) |
4289 |
| 830 #0 - PUNTO DE ACCESO ADICIONAL DE SERIE-TÍTULO UNIFORME |
| Título uniforme |
Harvard Business review guides. |
| 942 ## - ELEMENTOS DE ENTRADA AGREGADA (KOHA) |
| Fuente del sistema de clasificación o colocación |
Clasificación de Library of Congress |